Komerčné papiere

Komerčné papiere - cenné papiere peňažného trhu (na Slovensku chýbajú, sú jedným z najstarších nástrojov peňažného trhu v USA). Rozoznávame priame a dílerské komerčné papiere. Emitenti komerčných papierov.

Gespeichert in:
Bibliographische Detailangaben
1. Verfasser: Hrvoľová, Božena
Format: Buchkapitel
Sprache:Slowakisch
Schlagworte:
Tags: Tag hinzufügen
Keine Tags, Fügen Sie das erste Tag hinzu!

MARC

LEADER 00000naa a2200000 4500
001 r038075
005 20221207121329.7
041 0 |a slo 
044 |a SK 
245 1 0 |a Komerčné papiere  |c Božena Hrvoľová 
520 |a Komerčné papiere - cenné papiere peňažného trhu (na Slovensku chýbajú, sú jedným z najstarších nástrojov peňažného trhu v USA). Rozoznávame priame a dílerské komerčné papiere. Emitenti komerčných papierov. 
610 2 0 |a papiere cenné 
610 2 0 |a trh peňažný 
610 2 0 |a USA 
610 2 0 |a papiere cenné krátkodobé 
610 2 0 |a emitenti 
100 1 |a Hrvoľová, Božena